| 000 | 00511nam a2200241Ia 4500 | ||
|---|---|---|---|
| 001 | 067814 | ||
| 003 | YMCAF | ||
| 005 | 20230512160453.0 | ||
| 008 | 100717s1978 ||||||||||||||||| ||und|d | ||
| 020 | _a- | ||
| 024 | _a67814 | ||
| 035 | _a7277 | ||
| 040 |
_aYMCAF _beng _cIN-KoLT |
||
| 041 | _aeng | ||
| 082 |
_a621.9 _bPRO |
||
| 100 | _aTTP, LAHORE | ||
| 245 | 0 | _aPROJECTS FITTER TOOL & DIE MAKER | |
| 250 | _a- | ||
| 260 |
_bLAHORE _c1978 |
||
| 300 | _a151 | ||
| 653 | _aMechanical | ||
| 942 |
_2ddc _cBK |
||
| 999 |
_c4723 _d4723 |
||